• 首页
  • 本馆介绍
  • 公告通知
  • 最新文献
  • 馆藏检索
  • 电子资源
  • 读者导购
  • 参考咨询
  • 我的图书馆
  • 登录
  • 详细信息显示
  • 放入我的书架
  • 预约/预借图书
  • 作者相关作品
  • 分类相关作品
  • 丛书相关作品
  • 出版社相关作品

书目信息

  • 表格格式
  • 工作单格式
  • 卡片格式
题名:
景观照明设计与应用
    
 
作者: 李鑫 , 张潍 , 潘慧锦 编著
分册:  
出版信息: 北京   化学工业出版社  2009
页数: 222页
开本: 24cm
丛书名: 景观工程设计技术丛书
单 册:
中图分类: TU113.6
科图分类:
主题词: 景观--照明设计
电子资源:
ISBN: 978-7-122-04529-4
000 01198oam2 2200277 45
001 1033109781
005 20100407095659.14
010    @a978-7-122-04529-4@dCNY36.00
100    @a20100401d2009 em y0chiy0110 ea
101 0  @achi
102    @aCN@b110000
105    @aak z 000yy
106    @ar
200 1  @a景观照明设计与应用@AJing Guan Zhao Ming She Ji Yu Ying Yong@f李鑫,张潍,潘慧锦编著@FLi Xin, Zhang Wei, Pan Hui Jin Bian Zhu
210    @a北京@c化学工业出版社@d2009
215    @a222页@c图表@d24cm
225 2  @a景观工程设计技术丛书
330    @a本书从景观照明设计案例分折开始,深入浅出地介绍了从事景观照明设计需要了解的光学基础知识和景观照明设计的原理,提出景琨照明需要处理好与日景的关系,用“尊重、提升和麓疆” 三种照明手法来诠释日景的设计理念,在景现照明设计应用章节中,重点介绍了软质景观(植物和水体)、硬质景现( 地形和建筑)以及其他景观元素的照明图示,通过优秀照明设计实佣拓展景现照明设计思路。
461  0 @12001 @a景观工程设计技术丛书
606 0  @a景观@x照明设计
690    @aTU113.6@v4
701  0 @a李鑫@ALi Xin@4编著
701  0 @a张潍@AZhang Wei@4编著
701  0 @a潘慧锦@APan Hui Jin@4编著
801  0 @aCN@bTANGWEI@c20100407
905    @b0588537-40@dTU113.6@e534@f4
    
    景观照明设计与应用/李鑫,张潍,潘慧锦编著.-北京:化学工业出版社,2009
    222页:图表;24cm.-(景观工程设计技术丛书)
    
    
    ISBN 978-7-122-04529-4:CNY36.00
    本书从景观照明设计案例分折开始,深入浅出地介绍了从事景观照明设计需要了解的光学基础知识和景观照明设计的原理,提出景琨照明需要处理好与日景的关系,用“尊重、提升和麓疆” 三种照明手法来诠释日景的设计理念,在景现照明设计应用章节中,重点介绍了软质景观(植物和水体)、硬质景现( 地形和建筑)以及其他景观元素的照明图示,通过优秀照明设计实佣拓展景现照明设计思路。
●
相关链接 在E读中查询图书 在五车中查询图书 在当当中查询图书 在豆瓣中查询图书


正题名:景观照明设计与应用     索取号:TU113.6/534         预约/预借

序号 登录号 条形码 馆藏地/架位号 状态 备注
1 0588537   205885372   第二样本阅览室/ [索取号:TU113.6/534] 在馆    
2 0588538   205885381   第三借阅区/ [索取号:TU113.6/534] 在馆    
3 0588539   205885390   第三借阅区/ [索取号:TU113.6/534] 在馆    
4 0588540   205885407   第三借阅区/ [索取号:TU113.6/534] 在馆    
唐山师范学院图书馆 欢迎您!
大连网信软件有限公司© 版权所有